000 00289nam a22001337a 4500
008 181016b xxu||||| |||| 00| 0 eng d
020 _a0674445449
041 _aeng
080 _a159.9
100 _a48
101 _aPSI
245 _aIna Different Voice
_cGilligan,C
942 _2udc
_cBK
999 _c49912
_d49912